000 00776nam a2200193Ii 4500
003 JO-AjNU
008 230605s9999||||xx |||||||||||||| ||und||
040 _aJO-AjNU
_bara
_erda
_cJO-AjNU
041 _aara
050 1 4 _aGV511.Q3 1979
100 3 _aتاليف حسين، قاسم حسن، م.مشارك الطالب، نزار مجيد,
_eauthor
_948906
245 0 0 _aالأسس النظيرية والميكانيكة في تدريب الفعاليات العشرية للرجال والخماسية للنساء
264 3 1 _aبغداد: د.ن، 1979
300 _a278ص
336 _atext
_btxt
_2rdacontent
337 _aunmediated
_bn
_2rdamedia
338 _avolume
_bnc
_2rdacarrier
650 4 _aالالعاب الرياضية - الرجال - النساء
_948907
999 _aA21448
_c25016
_d25016